Karanóg, the town /

Saved in:

Main Author: Woolley, Leonard, 1880-1960 (Author)

Format: Book

Language: English

Published: Philadelphia : University Museum, 1911.

Series: University of Pennsylvania : Egyptian department of the University Museum. Eckley B. Coxe junior expedition to Nubia ; 5.

Subjects:

Tags: Add Tag

No Tags, Be the first to tag this record!

Call Number: DT57 .P4 v.5

LEADER 00879nam a2200229I 4500
001 5494
003 OSt
005 20260421074827.0
008 130303s1911 pauefh 000 0 eng d
010 |a 12040160 
040 |c ARCE Library 
050 4 |a DT57 .P4 v.5 
100 1 |a Woolley, Leonard,  |d 1880-1960,  |e author  |9 42377 
245 1 0 |a Karanóg, the town /  |c By C. Leonard Woolley. 
264 1 |a Philadelphia :  |b University Museum,  |c 1911. 
300 |a [iii]-xiii, 51 pages :  |b 30 plates (incl. plans, facsimiles) ;  |c 28 cm. 
490 1 |a University of Pennsylvania : Egyptian department of the University Museum. Eckley B. Coxe junior expedition to Nubia ;   |v 5. 
651 0 |a Karanòg (Egypt) 
830 0 |a University of Pennsylvania : Egyptian department of the University Museum. Eckley B. Coxe junior expedition to Nubia ;   |v 5. 
901 |a reviewed 
942 |c BK  |2 lcc 
999 |c 9410  |d 9410